[Event "Maria Teresa Mora Memorial op"]
[Site "Havana"]
[Date "2018.03.08"]
[Round "1"]
[White "Gonzalez Reyes, Pablo Adolfo"]
[Black "Martinez Mesa, Chaneli"]
[Result "1-0"]
[WhiteElo "2056"]
[BlackElo "1879"]
[PlyCount "51"]
[EventDate "2018.03.08"]
[EventType "swiss"]
[EventRounds "9"]
[EventCountry "CUB"]
[SourceTitle "EXT 2021"]
[Source "ChessBase"]
[SourceDate "2020.10.23"]
[SourceVersion "1"]
[SourceVersionDate "2020.10.23"]
[SourceQuality "1"]

1. d4 f5 2. e4 fxe4 3. Nc3 Nf6 4. Bg5 e6 5. Bxf6 Qxf6 6. Nxe4 Qf7 7. Nf3 Nc6 8. c3 Be7 9. Bd3 0-0 10. Qe2 h6 11. 0-0-0 a6 12. Kb1 b5 13. h4 b4 14. Neg5 Qf4 15. c4 Bf6 16. Nh7 Bb7 17. Nxf8 Rxf8 18. Qe4 Qxe4 19. Bxe4 a5 20. Rhe1 Rb8 21. d5 exd5 22. cxd5 Ne7 23. d6 cxd6 24. Rxd6 Bxe4+ 25. Rxe4 Rd8 26. Rxf6 1-0

[Event "Maria Teresa Mora Memorial op"]
[Site "Havana"]
[Date "2018.??.??"]
[Round "5"]
[White "Gonzalez Reyes, Pablo Adolfo"]
[Black "Menendez Mallet, Jhon Maykol"]
[Result "1-0"]
[WhiteElo "2056"]
[BlackElo "1838"]
[PlyCount "67"]
[EventDate "2018.03.08"]
[EventType "swiss"]
[EventRounds "9"]
[EventCountry "CUB"]
[SourceTitle "EXT 2021"]
[Source "ChessBase"]
[SourceDate "2020.10.23"]
[SourceVersion "1"]
[SourceVersionDate "2020.10.23"]
[SourceQuality "1"]

1. d4 Nf6 2. Nf3 g6 3. Bf4 Bg7 4. e3 0-0 5. Nbd2 d6 6. Bc4 Nbd7 7. 0-0 Nh5 8. Bg5 Nhf6 9. Bh4 c6 10. a4 Qc7 11. h3 e5 12. dxe5 dxe5 13. c3 Nb6 14. Bb3 Bf5 15. Qe2 Nfd5 16. Bg3 Bd7 17. a5 Nc8 18. c4 Nb4 19. c5 Na6 20. Rfc1 h6 21. e4 Re8 22. Qe3 Be6 23. Nc4 Qe7 24. Ncxe5 Bxb3 25. Qxb3 Kh7 26. Ra4 Nxc5 27. Rxc5 Qxc5 28. Qxf7 Ne7 29. Nd7 Qc1+ 30. Kh2 Ng8 31. e5 Re7 32. Nf6+ Kh8 33. Qxg6 Bxf6 34. exf6 1-0

[Event "Havana City-ch"]
[Site "Havana"]
[Date "2009.12.19"]
[Round "7"]
[White "Gonzalez Reyes, Pablo Adolfo"]
[Black "Perez Torres, Youset"]
[Result "0-1"]
[WhiteElo "2100"]
[BlackElo "2040"]
[PlyCount "66"]
[EventDate "2009.12.13"]
[EventType "swiss"]
[EventRounds "9"]
[EventCountry "CUB"]
[SourceTitle "CBM 134 Extra"]
[Source "ChessBase"]
[SourceDate "2010.03.03"]
[SourceVersion "1"]
[SourceVersionDate "2010.03.03"]
[SourceQuality "1"]

1. d4 d6 2. c4 Nf6 3. Nc3 g6 4. e4 Bg7 5. f3 0-0 6. Be3 e5 7. d5 Nbd7 8. Bd3 Ne8 9. Nge2 f5 10. Qd2 f4 11. Bf2 Ndf6 12. c5 a6 13. 0-0-0 Bd7 14. Kb1 dxc5 15. Bxc5 Nd6 16. Bc2 b6 17. Bxd6 cxd6 18. Nc1 b5 19. Nd3 a5 20. Ne2 b4 21. Qe1 Qb6 22. Qd2 Rfb8 23. Rc1 a4 24. b3 Qa5 25. Qd1 Ne8 26. Nb2 axb3 27. Bxb3 Nc7 28. Nc4 Qa6 29. Nxe5 Nb5 30. Nc4 Nc3+ 31. Nxc3 bxc3 32. Kc2 Bb5 33. Nxd6 Be2 0-1

[Event "Havana Municipal-ch 12th"]
[Site "Havana"]
[Date "2009.09.29"]
[Round "11"]
[White "Darias Camacho, Fernando Bernard"]
[Black "Gonzalez Reyes, Pablo Adolfo"]
[Result "0-1"]
[WhiteElo "1906"]
[BlackElo "2100"]
[PlyCount "82"]
[EventDate "2009.09.15"]
[EventType "swiss"]
[EventRounds "11"]
[EventCountry "CUB"]
[EventCategory "1"]
[SourceTitle "EXT 2012"]
[Source "ChessBase"]
[SourceDate "2011.11.24"]
[SourceVersion "1"]
[SourceVersionDate "2011.11.24"]
[SourceQuality "1"]

1. d4 Nf6 2. c4 e5 3. dxe5 Ng4 4. Bf4 Nc6 5. Nf3 Bb4+ 6. Nc3 Qe7 7. a3 Bxc3+ 8. bxc3 0-0 9. Qd5 Re8 10. e3 Ncxe5 11. Nxe5 Nxe5 12. Qxe5 Qxe5 13. Bxe5 Rxe5 14. Be2 d6 15. 0-0 b6 16. Bf3 Rb8 17. Rfd1 Rc5 18. Rd4 Ba6 19. Rd5 Bxc4 20. Rxc5 bxc5 21. Be4 Kf8 22. Rb1 Rb6 23. f3 Ra6 24. Ra1 Ke7 25. Kf2 Bb3 26. Ke1 d5 27. Bd3 c4 28. Bb1 Kd6 29. Kd2 Kc5 30. Bf5 Rf6 31. Bb1 Kb5 32. Kc1 c5 33. Kd2 Rd6 34. Bc2 Ka4 35. Kc1 Re6 36. e4 d4 37. cxd4 cxd4 38. Bxb3+ Kxb3 39. Rb1+ Kc3 40. Rb7 d3 41. Rb2 Rb6 0-1

[Event "Havana Municipal-ch 12th"]
[Site "Havana"]
[Date "2009.09.28"]
[Round "10"]
[White "Gonzalez Reyes, Pablo Adolfo"]
[Black "Calveira Leon, Jesus"]
[Result "0-1"]
[WhiteElo "2100"]
[BlackElo "2061"]
[PlyCount "102"]
[EventDate "2009.09.15"]
[EventType "swiss"]
[EventRounds "11"]
[EventCountry "CUB"]
[EventCategory "1"]
[SourceTitle "EXT 2012"]
[Source "ChessBase"]
[SourceDate "2011.11.24"]
[SourceVersion "1"]
[SourceVersionDate "2011.11.24"]
[SourceQuality "1"]

1. d4 Nf6 2. Nf3 g6 3. Bf4 Bg7 4. e3 d6 5. Bc4 Nbd7 6. c3 d5 7. Bb3 c6 8. 0-0 0-0 9. Nbd2 Nh5 10. Bg5 f6 11. Bh4 g5 12. Ne1 Qe8 13. Bg3 f5 14. Bc7 Nhf6 15. Nd3 b6 16. Nf3 h6 17. Rc1 Ba6 18. c4 dxc4 19. Bxc4+ Bxc4 20. Rxc4 Rc8 21. Rxc6 Nd5 22. Qb3 e6 23. Rfc1 Nc5 24. R6xc5 bxc5 25. Bd6 Rf7 26. dxc5 Bf8 27. Nfe5 Rg7 28. Bxf8 Kxf8 29. c6 Rgc7 30. Qb5 Kg7 31. Qc5 Qe7 32. Qd4 Kh7 33. b4 Rb8 34. Rc5 Nxb4 35. g4 Nxd3 36. Nxd3 Rd8 37. Qe5 Rxd3 38. gxf5 Qd6 39. Qf6 Rd1+ 40. Kg2 Qxc5 41. Qg6+ Kh8 42. Qe8+ Kg7 43. Qg6+ Kf8 44. Qf6+ Rf7 45. Qxh6+ Ke7 46. Qxe6+ Kf8 47. Qh6+ Ke8 48. Qe6+ Qe7 49. Qc4 Qd6 50. e4 Rd4 51. Qb5 Kf8 0-1

[Event "Havana Municipal-ch 12th"]
[Site "Havana"]
[Date "2009.09.22"]
[Round "6"]
[White "Gonzalez Reyes, Pablo Adolfo"]
[Black "Zayas Sosa, Alfredo"]
[Result "1-0"]
[WhiteElo "2100"]
[BlackElo "2163"]
[PlyCount "43"]
[EventDate "2009.09.15"]
[EventType "swiss"]
[EventRounds "11"]
[EventCountry "CUB"]
[EventCategory "1"]
[SourceTitle "EXT 2012"]
[Source "ChessBase"]
[SourceDate "2011.11.24"]
[SourceVersion "1"]
[SourceVersionDate "2011.11.24"]
[SourceQuality "1"]

1. d4 e6 2. Nf3 f5 3. Bf4 Nf6 4. e3 d5 5. Bd3 Be7 6. 0-0 0-0 7. Nbd2 c6 8. c4 Ne4 9. Rc1 Nd7 10. Bxe4 fxe4 11. Ne5 Qe8 12. Qg4 Nf6 13. Qh3 Nh5 14. Bg3 Nxg3 15. Qxg3 Rf5 16. f3 exf3 17. Rxf3 Bd6 18. Rcf1 Bxe5 19. dxe5 Bd7 20. e4 dxe4 21. Nxe4 Qf7 22. Ng5 1-0

[Event "Havana Municipal-ch 12th"]
[Site "Havana"]
[Date "2009.09.19"]
[Round "4"]
[White "Gonzalez Reyes, Pablo Adolfo"]
[Black "Perera Alfonso, Rene Humberto"]
[Result "0-1"]
[WhiteElo "2100"]
[BlackElo "2071"]
[PlyCount "96"]
[EventDate "2009.09.15"]
[EventType "swiss"]
[EventRounds "11"]
[EventCountry "CUB"]
[EventCategory "1"]
[SourceTitle "EXT 2012"]
[Source "ChessBase"]
[SourceDate "2011.11.24"]
[SourceVersion "1"]
[SourceVersionDate "2011.11.24"]
[SourceQuality "1"]

1. d4 Nf6 2. Nf3 c5 3. e3 e6 4. Bd3 d5 5. c3 Nbd7 6. 0-0 Be7 7. Nbd2 0-0 8. Qe2 b6 9. Ne5 Qc7 10. f4 Bb7 11. Qf3 Ne8 12. Qh3 Ndf6 13. Ndf3 Nd6 14. Bd2 Nfe4 15. Be1 a5 16. Bh4 Bxh4 17. Qxh4 Ba6 18. Ng5 h6 19. Nxe4 Nxe4 20. Bxa6 Rxa6 21. f5 exf5 22. Rxf5 b5 23. Raf1 Nd6 24. Rh5 f5 25. Ng6 Re8 26. Qg3 cxd4 27. exd4 Qf7 28. Nf4 Ne4 29. Qh3 Ng5 30. Qd3 Rb6 31. h4 Ne4 32. Qh3 Rf8 33. Re1 b4 34. Qf3 bxc3 35. bxc3 Rb2 36. Nd3 Rc2 37. Ne5 Qe6 38. Re3 Rf2 39. Qh3 Rxa2 40. c4 Ra1+ 41. Kh2 Nf2 42. Qf3 Rh1+ 43. Kg3 f4+ 44. Qxf4 Rxf4 45. Kxf4 Qf6+ 46. Kg3 Ne4+ 47. Kg4 g6 48. Rf3 gxh5+ 0-1